Mastering 3ds Max 4 / (Record no. 34484)
[ view plain ]
| 000 -LEADER | |
|---|---|
| fixed length control field | 00974cam a22002654a 4500 |
| 001 - CONTROL NUMBER | |
| control field | vtls003020675 |
| 003 - CONTROL NUMBER IDENTIFIER | |
| control field | MY-SjTCS |
| 005 - DATE AND TIME OF LATEST TRANSACTION | |
| control field | 20200306155607.0 |
| 008 - FIXED-LENGTH DATA ELEMENTS--GENERAL INFORMATION | |
| fixed length control field | 110218s2001 caua 001 0 eng |
| 020 ## - INTERNATIONAL STANDARD BOOK NUMBER | |
| International Standard Book Number | 0782129382 |
| 039 #9 - LEVEL OF BIBLIOGRAPHIC CONTROL AND CODING DETAIL [OBSOLETE] | |
| Level of rules in bibliographic description | 201102181502 |
| Level of effort used to assign nonsubject heading access points | VLOAD |
| Level of effort used to assign subject headings | 200502181739 |
| Level of effort used to assign classification | kusuma |
| -- | 200501131408 |
| -- | kusuma |
| 082 04 - DEWEY DECIMAL CLASSIFICATION NUMBER | |
| Classification number | 006.696 |
| Item number | WOO |
| 100 1# - MAIN ENTRY--PERSONAL NAME | |
| Personal name | Woods, Cat. |
| 9 (RLIN) | 219024 |
| 245 10 - TITLE STATEMENT | |
| Title | Mastering 3ds Max 4 / |
| Statement of responsibility, etc. | Cat Woods, Alexander Bicalho, Chris Murray. |
| 260 ## - PUBLICATION, DISTRIBUTION, ETC. | |
| Place of publication, distribution, etc. | San Francisco, CA : |
| Name of publisher, distributor, etc. | Sybex, |
| Date of publication, distribution, etc. | 2001. |
| 300 ## - PHYSICAL DESCRIPTION | |
| Extent | xxxvi, 953 p. : |
| Other physical details | ill. ; |
| Dimensions | 23 cm. + |
| Accompanying material | 1 computer optical disc (4 3/4 in.) |
| 500 ## - GENERAL NOTE | |
| General note | Rev. ed. of: Mastering 3D Studio Max R3 / Chris Murray et al. c2000. |
| 500 ## - GENERAL NOTE | |
| General note | Includes index. |
| 630 00 - SUBJECT ADDED ENTRY--UNIFORM TITLE | |
| Uniform title | 3ds max (Computer file) |
| 9 (RLIN) | 47381 |
| 650 #0 - SUBJECT ADDED ENTRY--TOPICAL TERM | |
| Topical term or geographic name entry element | Computer animation. |
| 9 (RLIN) | 209179 |
| 700 1# - ADDED ENTRY--PERSONAL NAME | |
| Personal name | Bicalho, Alexander. |
| 9 (RLIN) | 219025 |
| 700 1# - ADDED ENTRY--PERSONAL NAME | |
| Personal name | Murray, Chris |
| 9 (RLIN) | 15783 |
| 740 0# - ADDED ENTRY--UNCONTROLLED RELATED/ANALYTICAL TITLE | |
| Uncontrolled related/analytical title | Mastering 3D Studio Max R3. |
| 920 ## - Programme | |
| Programme | CIT (RMIT) : 546645, CD546158, 546689, CD546168 |
| Withdrawn status | Lost status | Source of classification or shelving scheme | Damaged status | Not for loan | Home library | Current library | Date acquired | Serial Enumeration / chronology | Total Checkouts | Barcode | Date last seen | Date last checked out | Copy number | Koha item type | Public note | Uniform Resource Identifier |
|---|---|---|---|---|---|---|---|---|---|---|---|---|---|---|---|---|
| Withdrawn | Dewey Decimal Classification | Taylor's Library-TU | Taylor's Library-TU | 18/02/2005 | CD-ROM | 1 | 1001001567 | 05/12/2019 | 10/05/2011 | 1 | Accompanying Material (Media Resource) | SOCIT,15008,03,GR | ||||
| Dewey Decimal Classification | Taylor's Library-TU | Taylor's Library-TU | 18/02/2005 | 21 | 5000040606 | 05/12/2019 | 19/08/2016 | 1 | Main Collection | SOCIT,15008,03,GR | Floor 3, Shelf 2 , Side 1, TierNo 2, BayNo 3 | |||||
| Dewey Decimal Classification | Taylor's Library-TU | Taylor's Library-TU | 13/01/2005 | CD-ROM | 2 | 1001001463 | 05/12/2019 | 20/04/2010 | 1 | Accompanying Material (Media Resource) | SOCIT,15008,03,GR | |||||
| Withdrawn | Dewey Decimal Classification | Taylor's Library-TU | Taylor's Library-TU | 13/01/2005 | 18 | 1001001462 | 05/12/2019 | 10/05/2011 | 1 | Main Collection | SOCIT,15008,03,GR |